La responsabilidad del Estado. Los déficit de la ley 26944 (Registro nro. 32354)

Detalles MARC
000 -LEADER
fixed length control field 00365 a2200109 4500
001 - CONTROL NUMBER
control field ART_40473
005 - DATE AND TIME OF LATEST TRANSACTION
control field 20260410162013.0
008 - FIXED-LENGTH DATA ELEMENTS--GENERAL INFORMATION
fixed length control field 260409a
100 1# - MAIN ENTRY--PERSONAL NAME
Personal name Balbín, Carlos Francisco
245 10 - TITLE STATEMENT
Title La responsabilidad del Estado. Los déficit de la ley 26944
773 0# - HOST ITEM ENTRY
Title Temas de derecho administrativo
Related parts - Año 1, Nº 10 (oct. 2016)
Record control number REV40468

No hay ítems disponibles.